| 000 | 02312nam0a22003491 4500 | ||
|---|---|---|---|
| 001 | rc\1522058 | ||
| 005 | 20260406162039.0 | ||
| 035 | _a(NLR Aleph) 005281934 | ||
| 090 |
_a6107156 _c6107156 |
||
| 100 | _a20060620d1886 |||y0rusy50 ca | ||
| 101 | 0 | _arus | |
| 102 | _aRU | ||
| 105 | _ay z |||a| | ||
| 200 | 1 |
_a"Борис Годунов" А.С. Пушкина _e(Опыт разбора трагедии) _fСост. Е. Воскресенский |
|
| 205 | _a2-е изд., испр. и доп. | ||
| 210 |
_aЯрославль _cтип. Губ. зем. управы _d1886 |
||
| 215 |
_a[2], 69 с. _d24 |
||
| 316 |
_aЭкз. РНБ (18.212.1.14а(алл. 3)): приплетено к: Воскресенский, Е.И. Повести Пушкина. (Опыт разбора). Ярославль, 1888 (обл. 1887) _5NLR: 18.212.1.14а(алл. 3)): приплетено к: Воскресенский, Е.И. Повести Пушкина. (Опыт разбора). Ярославль, 1888 (обл. 1887 |
||
| 482 | 0 |
_1001RU\NLR\BIBL_A\011998258 _12001#$aПовести Пушкина$e(Опыт разбора) _1210##$aЯрославль$d1888 (обл. 1887) _1700#1$3RU\NLR\AUTH\7758298$7ca$aВоскресенский$bЕ. И.$f1859-1887$gЕвгений Иванович _911394293 _aБелкин, А. П. (1953-) _cМосква _d2019 _fАнатолий Белкин _nЦентрполиграф _p286, [1] с. _tПовести Пушкина _y978-5-227-08603-7 |
|
| 500 | 1 | 0 |
_6z01702 _aБорис Годунов |
| 532 | 1 | 0 | _aБорис Годунов Александра Сергеевича Пушкина |
| 700 | 1 |
_4220 _8rus _7ca _aВоскресенский _bЕ. И. _f1859-1887 _gЕвгений Иванович _3RU\NLR\AUTH\7758298 _941230 |
|
| 702 | 0 |
_4570 _8rus _7ca _aБорис Фёдорович Годунов _cцарь русский _fок.1552-1605 _3RU\NLR\AUTH\779068 _9118936 |
|
| 702 | 1 |
_4570 _8rus _7ca _aПушкин _bА. С. _cпоэт _f1799-1837 _gАлександр Сергеевич _3RU\NLR\AUTH\77386 _9110441 |
|
| 801 | 2 |
_aRU _bNLR _c20080620 _2rusmarc |
|
| 801 | 0 |
_aRU _bNLR _c20060620 _gpsbo |
|
| 801 | 0 |
_aRU _bRuMoRGB _c20060620 _2psbo |
|
| 801 | 1 |
_aRU _bProSoft-M _c20060620 _2rusmarc |
|
| 852 |
_aNLR _j18.212.1.14а(алл. 3) |
||
| 852 |
_aNLR _j38.15.5.28 |
||
| 942 | _cBOOK | ||
| 980 | _aNB | ||